التفكك الأسري والقبول في الجامعات / (Record no. 128293)

MARC details
000 -الفاتح
عناصر البيانات ثابتة الطول 00641cam a2200181 i 4500
005 - تاريخ ووقت آخر معاملة
حقل ضبط 20260114121621.0
008 - عناصر البيانات ثابتة الطول
عناصر البيانات ثابتة الطول 250721s2012 jo gr 000 0 ara d
082 14 - رقم تصنيف ديوي العشري
رقم التصنيف 306.88
رقم المادة ح ج ا
100 1# - مدخل رئيسي – اسم شخصي
الاسم الشخصي الحجاوي، حمد
علاقة الشخص بالعمل/ دوره مؤلف.
245 12 - بيان العنوان
العنوان التفكك الأسري والقبول في الجامعات /
بيان المسؤولية حمد سلمان صالح الحجاوي.
250 ## - بيان الطبعة
بيان الطبعة الطبعة الأولى.
264 1# - بيانات النشر، التوزيع…إلخ
مكان النشر، التوزيع...إلخ عمان :
اسم الناشر، الموزع...إلخ حمد سلمان صالح الحجاوي.
تاريخ النشر، التوزيع...إلخ 2012.
300 ## - الوصف المادي
عدد الوحدات المكونة للوعاء 128 صفحة.
650 17 - مدخل إضافي بالموضوع - مصطلح موضوعي
مصطلح موضوعي أو اسم جغرافي كعنصر مدخل التفكك الاسري.
650 17 - مدخل إضافي بالموضوع - مصطلح موضوعي
مصطلح موضوعي أو اسم جغرافي كعنصر مدخل الاسرة.
942 ## - بيانات إضافية (كوها)
نوع التنصيف Dewey Decimal Classification
نوع المادة (كوها) Books
Holdings
حالة السحب حالة الفقدان مصدر التصنيف حالة التلف غير قابل للإعارة المكتبة الرئيسية المكتبة الحالية موقع الرف تاريخ التزويد الرقم المتسلسل Total Checkouts رقم الإستدعاء الباركود تاريخ آخر ظهور تاريخ الفاتورة نوع المادة (كوها)
    Dewey Decimal Classification     المكتبة المركزية المكتبة المركزية الإعارة 28/07/2025 1567210   306.88 / ح ج ا PLD00292823 28/07/2025 28/07/2025 Books
    Dewey Decimal Classification     المكتبة المركزية المكتبة المركزية مقتنيات قسم التزويد 28/07/2025 1567211   306.88/حجا   28/07/2025 28/07/2025 Books
    Dewey Decimal Classification     المكتبة المركزية المكتبة المركزية مقتنيات قسم التزويد 28/07/2025 1567212   306.88/حجا   28/07/2025 28/07/2025 Books
    Dewey Decimal Classification     المكتبة المركزية المكتبة المركزية مقتنيات قسم التزويد 28/07/2025 1567213   306.88/حجا   28/07/2025 28/07/2025 Books
    Dewey Decimal Classification     مكتبة أبو علندا العامة مكتبة أبو علندا العامة الإعارة 22/02/2014 1567215   306.88/حجا PLD00293070 28/07/2025 22/02/2014 Books
    Dewey Decimal Classification     مكتبة أم قصير والمقابلين العامة مكتبة أم قصير والمقابلين العامة الإعارة 22/02/2014 1567217   306.88/حجا PLD00293072 28/07/2025 22/02/2014 Books
    Dewey Decimal Classification     مكتبة الاميرة بديعة مكتبة الاميرة بديعة الإعارة 22/02/2014 1567219   306.88/حجا PLD00293074 28/07/2025 22/02/2014 Books
    Dewey Decimal Classification     مكتبة الجويدة مكتبة الجويدة الإعارة 22/02/2014 1567224   306.88/حجا PLD00293079 28/07/2025 22/02/2014 Books
    Dewey Decimal Classification     مكتبة الحسن العامة مكتبة الحسن العامة الإعارة 22/02/2014 1567218   306.88/حجا PLD00293073 28/07/2025 22/02/2014 Books
    Dewey Decimal Classification     مكتبة النصر العامة مكتبة النصر العامة الإعارة 22/02/2014 1567221   306.88/حجا PLD00293076 28/07/2025 22/02/2014 Books
    Dewey Decimal Classification     مكتبة حمزة العامة مكتبة حمزة العامة الإعارة 22/02/2014 1567222   306.88/حجا PLD00293077 28/07/2025 22/02/2014 Books
    Dewey Decimal Classification     مكتبة وادي السير العامة مكتبة وادي السير العامة الإعارة 22/02/2014 1567223   306.88/حجا PLD00293078 28/07/2025 22/02/2014 Books
    Dewey Decimal Classification     مكتبةمؤتة مكتبةمؤتة الإعارة 22/02/2014 1567216   306.88/حجا PLD00293071 28/07/2025 22/02/2014 Books
Implemented & Customized by: BBB with SCIT (Smart Chains for Information Technology)

Powered by Koha